Animation craft : (Record no. 2655)
[ view plain ]
| 000 -LEADER | |
|---|---|
| fixed length control field | 01751nam a22003018i 4500 |
| 001 - CONTROL NUMBER | |
| control field | in00024361338 |
| 003 - CONTROL NUMBER IDENTIFIER | |
| control field | OSt |
| 005 - DATE AND TIME OF LATEST TRANSACTION | |
| control field | 20260512141404.0 |
| 008 - FIXED-LENGTH DATA ELEMENTS--GENERAL INFORMATION | |
| fixed length control field | 251208s2025 nyu b 001 0 eng |
| 010 ## - LIBRARY OF CONGRESS CONTROL NUMBER | |
| LC control number | 2024052198 |
| 020 ## - INTERNATIONAL STANDARD BOOK NUMBER | |
| International Standard Book Number | 9781032422398 |
| Qualifying information | (paperback) |
| 040 ## - CATALOGING SOURCE | |
| Original cataloging agency | DLC |
| Language of cataloging | eng |
| Description conventions | rda |
| Transcribing agency | DLC |
| Modifying agency | MILA_ain |
| 050 ## - LIBRARY OF CONGRESS CALL NUMBER | |
| Classification number | TR897.7 |
| Item number | .A66 A55 2025 |
| 100 1# - MAIN ENTRY--PERSONAL NAME | |
| Personal name | Annand, Jonathan, |
| Relator term | author. |
| 245 10 - TITLE STATEMENT | |
| Title | Animation craft : |
| Remainder of title | for 3D and 2D animators / |
| Statement of responsibility, etc. | Jonathan Annand. |
| 250 ## - EDITION STATEMENT | |
| Edition statement | 1. |
| 263 ## - PROJECTED PUBLICATION DATE | |
| Projected publication date | 2506 |
| 264 #1 - PRODUCTION, PUBLICATION, DISTRIBUTION, MANUFACTURE, AND COPYRIGHT NOTICE | |
| Place of production, publication, distribution, manufacture | New York : |
| Name of producer, publisher, distributor, manufacturer | CRC Press, |
| Date of production, publication, distribution, manufacture, or copyright notice | 2025. |
| 300 ## - PHYSICAL DESCRIPTION | |
| Extent | pages cm |
| 336 ## - CONTENT TYPE | |
| Content type term | text |
| Content type code | txt |
| Source | rdacontent |
| 337 ## - MEDIA TYPE | |
| Media type term | unmediated |
| Media type code | n |
| Source | rdamedia |
| 338 ## - CARRIER TYPE | |
| Carrier type term | volume |
| Carrier type code | nc |
| Source | rdacarrier |
| 504 ## - BIBLIOGRAPHY, ETC. NOTE | |
| Bibliography, etc. note | Includes bibliographical references and index. |
| 520 ## - SUMMARY, ETC. | |
| Summary, etc. | "This book is for those who want to learn the craft or mechanics of animation, how to actually animate a scene from start to finish, or take their animation to the next level. Using over 600 examples, this book answers the questions about the craft of animation that are often not taught in schools or books. Each chapter contains step-by-step examples explaining the principles of animation and how to avoid common problems that occur when animating. This book also teaches you how to critique an animated scene objectively, rather than subjectively - then fix what's wrong with it. Animation Craft for 3D and 2D Animators will be a great resource for any beginner looking to learn the fundamentals of animation, or more experienced animators looking to hone their craft"-- |
| Assigning source | Provided by publisher. |
| 776 08 - ADDITIONAL PHYSICAL FORM ENTRY | |
| Relationship information | Online version: |
| Main entry heading | Annand, Jonathan. |
| Title | Animation craft |
| Edition | 1. |
| Place, publisher, and date of publication | New York : CRC Press, 2025 |
| International Standard Book Number | 9781003361893 |
| Record control number | (DLC) 2024052199 |
| 942 ## - ADDED ENTRY ELEMENTS (KOHA) | |
| Source of classification or shelving scheme | Library of Congress Classification |
| Koha item type | Book |
| Withdrawn status | Lost status | Source of classification or shelving scheme | Damaged status | Not for loan | Home library | Current library | Shelving location | Date acquired | Source of acquisition | Cost, normal purchase price | Total Checkouts | Full call number | Barcode | Date last seen | Cost, replacement price | Price effective from | Koha item type |
|---|---|---|---|---|---|---|---|---|---|---|---|---|---|---|---|---|---|
| Library of Congress Classification | MILA University Central Library | MILA University Central Library | General Stacks | 12/05/2026 | Emo Book Services Sdn Bhd | 232.21 | TR897.7 .A66 A55 2025 | 0003616 | 12/05/2026 | 232.21 | 12/05/2026 | Book |
